| 000 | 00471nam a22001697a 4500 | ||
|---|---|---|---|
| 003 | CEME | ||
| 005 | 20210628203154.0 | ||
| 008 | 210203b xxu||||| |||| 00| 0 eng d | ||
| 020 | _a9780787978556 | ||
| 040 | _c. | ||
| 082 | _a378.198 MIL | ||
| 100 |
_aMiller, Robert H _963758 |
||
| 245 | _aCampus confidential , the complete guide to the college experience by students for students | ||
| 260 |
_aUSA _bJOSSEY BASS _c2006 |
||
| 300 | _aXXXVI, 480P | ||
| 942 |
_cBK _2ddc |
||
| 999 |
_c572480 _d572480 |
||